| 000 | 00504nam a2200157 4500 | ||
|---|---|---|---|
| 001 | 127721 | ||
| 003 | ES-MaACL | ||
| 007 | t| | ||
| 008 | 070214s1953 sp r ||||1| spa d | ||
| 100 | 1 |
_aRinehart, Mary Roberts. _997276 |
|
| 245 | 1 | 3 |
_aLa dama alucinada / _cMary Roberts Rinehart ; versión española de Emma E. de Gutiérrez Suárez. |
| 260 |
_aBarcelona : _bExito, _c1953. |
||
| 300 |
_a340 p. ; _c20 cm. |
||
| 700 | 1 |
_aGutiérrez Suárez, Emma E. de. _961228 |
|
| 852 |
_aES-MaACL _jC-5935 _bR.34614 |
||
| 999 |
_c127721 _d127721 |
||